000 00309nam a2200133 i 4500
001 bg
100 1 _aMASKEWIC, W. S.
245 0 _aKineticeskaja teorija lazerow /
_cW.S. Maskewic.
260 _aMoskwa,
_c1971.
040 _cBPK
041 _apol
942 _cKS
008 s pl f |000 0 pol
999 _c14931
_d14931
856 _uhttp://koha.tu.koszalin.pl/cgi-bin/koha/opac-detail.pl?biblionumber=14931
_yKatalog online BPK